000 00549nam a2200193Ia 4500
003 GCL
008 140319s9999 xx 000 0 ara d
040 _aGCL /
_cGCL
082 0 4 _a414
_bع ن
245 1 0 _aنقض بلاغى لعلاقات مزعومة بين القران ونظرية دارون
300 _a124 ص
490 _a
650 0 4 _aالنقد
650 0 4 _aداروين
650 0 4 _aالبلاغة العربية
650 0 4 _aالقران - بلاغة
650 0 4 _aالدارونية الاجتماعية
942 _2ddc
_cBK
999 _c38021
_d38021